Quizzes
Events
Quiz Creation
Community
Videos
Private Events
Remove Ads
Sign In
Join for FREE
Feedback
Dark Mode
Quiz Categories
Sports
Geography
Music
Movies
Television
Just For Fun
Miscellaneous
History
Literature
Language
Science
Gaming
Entertainment
Religion
Holiday
For Kids
Quiz Lab
Recent
Popular Today
Quiz Kudos Today
Editor Picks
Curator Picks
Quizzes by...
Day
Popularity
Type
Ratings
Length
Year
Community
Subscriptions
Recent Discussions
Orange Saloon
Badges
Playlists
Quests
Create
Leaderboards
Showdown
Live 5
Trivia Bingo
Activity
Puzzle Library
Sporcle Events
Private Events
Virtual Trivia
Globe League
Become a Host
Pub Owners
SporcleCon
Opinionation
Our Games
Videos
Blog
Mobile Apps
Partnerships
Remove Ads and Go Orange
Feedback
Music
Pop Music
The Beatles
Song
Album
Lyrics
Bands
Singers
Artist
Clip
Rock
Rap
Classical
Billboard
Country Music
Kpop
Taylor Swift
Music
Pop Music
The Beatles
Song
Album
Lyrics
Bands
Singers
Artist
Clip
Rock
Rap
Classical
Billboard
Country Music
Kpop
Taylor Swift
Random Quiz
Search Sporcle
×
Quiz Lab
Quiz Lab
Music
Song
Type in answers that appear in a list
Type in answers that appear in a list
Classic
Best Score? Go Orange.
Jonas Brother Songs Stats
Can you name the Jonas Brother Songs?
By
Niley4eva
15m
45 Questions
199 Plays
199 Plays
199 Plays
Comments
Comments
Give Quiz Kudos
Give Quiz Kudos
-
- Ratings
hide this ad
Random Order
Randomize order of answers
Randomize order of answers
Replay
Link that replays current quiz
Next Quiz
Link to next quiz in quiz playlist
You Got
0%
They Got
Avg Score
54%
Avg Friend Score
Upgrade to see
Score Distribution
Jump to the score distribution portion of the page
Score
0/45
Timer
15:00
0
Plays Today
2007-2009
Jonas Brothers Songs
% Correct
A Little Bit Longer
A Little Bit Longer
83.3%
Jonas Brothers
S.O.S
81.8%
Jonas Brothers
Hold On
78.3%
A Little Bit Longer
Burning Up
77.3%
Lines, Vines, and Trying Times
Paranoid
76.3%
A Little Bit Longer
BB Good
74.2%
Jonas Brothers
Out Of This World
72.2%
Jonas Brothers
Year 3000
69.7%
Jonas Brothers
When You Look Me In The Eyes
68.7%
Lines, Vines, and Trying Times
Fly With Me
68.7%
A Little Bit Longer
Lovebug
68.2%
Lines, Vines, and Trying Times
Black Keys
63.6%
Lines, Vines, and Trying Times
Poison Ivy
62.6%
Jonas Brothers
Games
61.6%
Jonas Brothers
Just Friends
61.6%
A Little Bit Longer
Video Girl
61.1%
Jonas Brothers
Goodnight and Goodbye
61.1%
Jonas Brothers
Australia
60.6%
Jonas Brothers
Hello Beautiful
60.1%
A Little Bit Longer
Shelf
60.1%
A Little Bit Longer
Sorry
59.1%
A Little Bit Longer
Tonight
59.1%
A Little Bit Longer
Can't Have You
58.6%
2007-2009
Jonas Brothers Songs
% Correct
Jonas Brothers
Still In Love With You
57.6%
Lines, Vines, and Trying Times
World War III
57.1%
Jonas Brothers
That's Just the Way We Roll
57.1%
Lines, Vines, and Trying Times
Turn Right
57.1%
Lines, Vines, and Trying Times
Hey Baby
55.1%
Lines, Vines, and Trying Times
What Did I Do To Your Heart?
53.5%
Lines, Vines, and Trying Times
Don't Speak
52.5%
Jonas Brothers
Hollywood
52.5%
A Little Bit Longer
Pushin' Me Away
51.5%
A Little Bit Longer
Got Me Going Crazy
51%
A Little Bit Longer
One Man Show
48%
Lines, Vines, and Trying Times
Keep It Real
47.5%
Jonas Brothers
Kids of the Future
46.5%
Jonas Brothers
Inseperable
46%
A Little Bit Longer
Live to Party
40.9%
Jonas Brothers
Take A Breath
37.4%
A Little Bit Longer
Hello Goodbye
30.8%
Lines, Vines, and Trying Times
Infatuation
14.1%
A Little Bit Longer
Love Is On It's Way
11.6%
Lines, Vines, and Trying Times
Don't Charge Me For The Crime ft. Common
9.6%
Lines, Vines, and Trying Times
Before The Storm ft. Miley Cyrus
9.6%
Jonas Brothers
We Got the Party WIth Us ft. Hannah Montana
3.5%
Quiz Playlist
Details
Report
Send in Message
Add To Playlist
Classic:
Type in answers that appear in a list
Random Order:
Randomize order of answers
Last Updated: Feb 16, 2017
Quiz Scoreboard
CHALLENGE
Sign Up to Join the Scoreboard
Show All
Scores
Hide
Comments
May contain spoilers
Recently Published
9x9 Crossword: Cartoon Network
by jackfrog10
Miscellaneous
3m
College Basketball Coaching Resumes
by pancakes188
Sports
9m
Billboard Blitz: Fleetwood Mac
by CooCooCachoo
Music
15s
More to Explore
Quiz From the Vault
Featured Blog Post
Where Did the Easter Bunny Come From?
hide this ad
You Might Also Like...
Tags
Song Quiz
2007
Brother
jena
Jonas Brothers
Today's Top Quizzes in Music
Browse Music
hide this ad
Today's Top Quizzes in Song
Browse Song
Top Contributed Quizzes in Music
1
Taylor Swift All Songs (2024)
2
Guess the Artist- 70s Songs
3
7-to-1: Billboard Hot 100 #1 Hits of 2010s
4
Sorting Albums and Songs
5
Taylor Swift Logic Puzzle
6
KPOP LOGIC QUIZ
7
Guess the Taylor Swift song (Mystery Song)
8
Guess The Taylor Swift Lyrics Song #1
9
Billboard Blitz: ABBA
10
One Thing in Common: Music
Explore More
Trending Topics
Harry Potter
Disney
Kpop
Crossword
Anime
NBA
Marvel
Soccer
Pokémon
NFL
WWE
Song
Puzzle
The Office
Country
hide this ad
More By:
Niley4eva
Quiz
Plays
Rating
Category
Featured
Created
Jonas Brother Songs
199
2.33
Music
Sep 23, 2009
Go to Creator's Profile
Score Distribution
Quiz Creator Spotlight
Niley4eva
Follow
Send a Message
Quizzes Created
-
Created Quiz Play Count
-
More By This Creator
Popular Quizzes Today
1
Find the US States - No Outlines Minefield
2
Find the Countries of Europe - No Outlines Minefield
3
The Countries of the World
4
Find the US States
5
Risky Map Clicking: Biggest States A-Z
6
US States
7
Popular People in 1961
8
Movies - When Are They Set?
More Music Quizzes
Everything, Something, Anything or Nothing Songs
Published
Trending Quizzes
Risky Map Clicking: Least Populous States A-Z
1-10 Letter G Words
1-10 Letter F Words
Risky Map Clicking: Next State Alphabetically
Adjectives in 80s TV Shows
Recently Updated
Leaping Animals
pecheneg
Reality TV Shows (A-Z)
bhenderson79
Rickey Henderson's Hall of Fame Teammates
pecheneg
Champions League XIs: Arsenal
pecheneg
Quick Pick: Celebrities in WWE's Hall of Fame
aduchscher
A-Z Keypad Blitz II
pecheneg
Multiple Oscar Actors
pecheneg
Mystery Phrase Blitz: Oscar 'Best Actors'
pecheneg
F. Scott Fitzgerald Novels
LTH
Pick 3 Villains
ddd62291
Trending Topics
Crossword
NBA
Disney
Kpop
Anime
Harry Potter
Marvel
Soccer
Pokémon
Country
WWE
The Office
Puzzle
Song
NFL
Your Account Isn't Verified!
In order to create a playlist on Sporcle, you need to verify the email address you used during registration. Go to your
Sporcle Settings
to finish the process.
Report this User
Report this user for behavior that violates our
Community Guidelines
.
Details:
Send Report
Go to the Sporcle.com Mobile Site →
Comments